El caribe colombiano : (Record no. 22214)
[ view plain ]
| 000 -CABECERA | |
|---|---|
| campo de control de longitud fija | 01199nam a2200289 a 4500 |
| 001 - NÚMERO DE CONTROL | |
| campo de control | 000022717 |
| 003 - IDENTIFICADOR DEL NÚMERO DE CONTROL | |
| campo de control | DO-SdBNP |
| 005 - FECHA Y HORA DE LA ÚLTIMA TRANSACCIÓN | |
| campo de control | 20251027104226.0 |
| 008 - DATOS DE LONGITUD FIJA--INFORMACIÓN GENERAL | |
| campo de control de longitud fija | 101116s1998 ck 000 0 spa d |
| 020 ## - NÚMERO INTERNACIONAL ESTÁNDAR DEL LIBRO | |
| Número Internacional Estándar del Libro | 9589620191 |
| 040 ## - FUENTE DE LA CATALOGACIÓN | |
| Centro catalogador/agencia de origen | DO-SdBNP |
| Lengua de catalogación | spa |
| Centro/agencia transcriptor | BNPHU |
| 082 #4 - NÚMERO DE LA CLASIFICACIÓN DECIMAL DEWEY | |
| Número de clasificación | 918.86 |
| Número de documento/Ítem | P855c |
| Número de edición | 22 |
| 100 1# - ENTRADA PRINCIPAL--NOMBRE DE PERSONA | |
| Nombre de persona | Posada Carbó, Eduardo. |
| Fechas asociadas al nombre | 1956- |
| 9 (RLIN) | 46689 |
| 240 10 - TÍTULO UNIFORME | |
| Título uniforme | The colombian caribbean: a regional history (1870-1950). |
| Lenguaje de la obra | Español |
| 245 13 - MENCIÓN DE TÍTULO | |
| Título | El caribe colombiano : |
| Resto del título | una historia regional (1870-1950) / |
| Mención de responsabilidad, etc. | Eduardo Posada Carbó ; traducción de Cecilia Inés Restrepo. |
| 260 ## - PUBLICACIÓN, DISTRIBUCIÓN, ETC. | |
| Lugar de publicación, distribución, etc. | Bogotá, Colombia : |
| Nombre del editor, distribuidor, etc. | Banco de la República ; |
| -- | El Áncora Editores, |
| Fecha de publicación, distribución, etc. | 1998. |
| 300 ## - DESCRIPCIÓN FÍSICA | |
| Extensión | 312, 12 p. ; |
| Dimensiones | 20 cm. |
| 500 ## - NOTA GENERAL | |
| Nota general | Incluye datos biográficos del autor en la contracubierta. |
| 534 ## - NOTA SOBRE LA VERSIÓN ORIGINAL | |
| Encabezamiento principal del original | Título original : |
| Mención de título del original | The colombian caribbean: a regional history (1870-1950) |
| 651 #4 - PUNTO DE ACCESO ADICIONAL DE MATERIA--NOMBRE GEOGRÁFICO | |
| Nombre geográfico | Colombia |
| Subdivisión general | Condiciones económicas |
| 9 (RLIN) | 30637 |
| 651 #4 - PUNTO DE ACCESO ADICIONAL DE MATERIA--NOMBRE GEOGRÁFICO | |
| Nombre geográfico | Colombia |
| Subdivisión general | Descripciones y viajes |
| 9 (RLIN) | 16997 |
| 651 #4 - PUNTO DE ACCESO ADICIONAL DE MATERIA--NOMBRE GEOGRÁFICO | |
| Nombre geográfico | Caribe (Región) |
| Subdivisión general | Condiciones económicas |
| 9 (RLIN) | 87401 |
| 651 #4 - PUNTO DE ACCESO ADICIONAL DE MATERIA--NOMBRE GEOGRÁFICO | |
| Nombre geográfico | Caribe (Región) |
| Subdivisión general | Historia |
| 9 (RLIN) | 87401 |
| 651 #4 - PUNTO DE ACCESO ADICIONAL DE MATERIA--NOMBRE GEOGRÁFICO | |
| Nombre geográfico | Colombia |
| Subdivisión general | Historia |
| 9 (RLIN) | 18037 |
| 700 1# - PUNTO DE ACCESO ADICIONAL--NOMBRE DE PERSONA | |
| Nombre de persona | Restrepo, Cecilia Inés, |
| Término indicativo de función/relación | tr. |
| 9 (RLIN) | 46690 |
| 942 ## - ELEMENTOS DE PUNTO DE ACCESO ADICIONAL (KOHA) | |
| Fuente del sistema de clasificación o colocación | Dewey Decimal Classification |
| Tipo de ítem Koha | Libro |
| Estado de retiro | Estado de pérdida | Restricciones de uso | No para préstamo | Código de colección | Localización permanente | Ubicación/localización actual | Ubicación en estantería | Fecha de adquisición | Número de inventario | Total de préstamos | Signatura topográfica completa | Código de barras | Fecha visto por última vez | Precio válido a partir de | Tipo de ítem Koha |
|---|---|---|---|---|---|---|---|---|---|---|---|---|---|---|---|
| Monografías: Libros y Folletos | General | General | En catalogación | 16.11.2010 | LF1 | 918.86 P855c | 22717-10 | 25.06.2020 | 25.06.2020 | Préstamo en sala |
